000 00282nam a2200121Ia 4500
008 190216s9999||||xx |||||||||||||| ||und||
100 _aKrishan Warrrier
245 0 _aKavya Kauthukam
260 _bPoorna Pubs Kozhikode
_c1986
300 _a70p
650 _aKavithkal
942 _cBK
999 _c25732
_d25732